[Event "Mechanics' Shipman TNM; G/2 d/5"]
[Site "San Francisco"]
[Date "2018.08.21"]
[Round "3.32"]
[White "Robertson, Terrance"]
[Black "Mays, Jerry L"]
[Result "0-1"]
[WhiteElo "1450"]
[BlackElo "1725"]
[PlyCount "94"]
[EventDate "2018.??.??"]
[Source "ChessBase"]
[SourceDate "2007.09.04"]

1. e4 e5 2. Nf3 Nc6 3. d4 exd4 4. Nxd4 Bc5 5. Be3 Bxd4 6. Bxd4 Nf6 7. Nc3 O-O
8. Bc4 d6 9. O-O Ng4 10. f3 Nge5 11. Be2 Nxd4 12. Qxd4 Qf6 13. Rad1 Qh4 14. Nd5
Qd8 15. c4 b6 16. b3 a5 17. a4 Be6 18. Qd2 f5 19. Bd3 Bxd5 20. exd5 Qh4 21. Be2
Rae8 22. Qd4 Qh5 23. Rde1 f4 24. Bd3 Qg5 25. Be4 Qf6 26. Qd2 Qh4 27. Qf2 Qf6
28. Re2 g5 29. h3 h5 30. Rfe1 g4 31. hxg4 hxg4 32. fxg4 Qg5 33. Bf3 Nd3 34. Qf1
Nxe1 35. Qxe1 Rxe2 36. Qxe2 Qe5 37. Qxe5 dxe5 38. Be4 Kg7 39. Kf2 Kf6 40. Kf3
Kg5 41. Bf5 Rxf5 42. gxf5 Kxf5 43. g3 fxg3 44. Kxg3 Ke4 45. Kf2 Kd3 46. Kf3 e4+
47. Kf2 Kd2 0-1

[Event "Mechanics' Shipman TNM; G/2 d/5"]
[Site "San Francisco"]
[Date "2018.09.04"]
[Round "5.32"]
[White "Robertson, Terrance"]
[Black "Mercado, Adam"]
[Result "0-1"]
[WhiteElo "1450"]
[BlackElo "1707"]
[PlyCount "68"]
[EventDate "2018.??.??"]
[Source "ChessBase"]
[SourceDate "2007.09.04"]

1. e4 e5 2. Nf3 Nc6 3. d4 exd4 4. Nxd4 Bc5 5. Be3 Bb6 6. Nf5 Qf6 7. Nc3 Nge7 8.
Bxb6 axb6 9. Nxe7 Nxe7 10. g3 d6 11. Bg2 Bd7 12. Qd2 b5 13. f4 b4 14. Nd1 Nc6
15. c3 b3 16. a3 Na5 17. Ne3 Bb5 18. Qd4 Qxd4 19. cxd4 Bc4 20. Rc1 b5 21. Bf1
Bxf1 22. Rxf1 Kd7 23. Kd2 Rhc8 24. g4 c5 25. dxc5 dxc5 26. e5 Kc6 27. h4 Rd8+
28. Kc3 Rab8 29. Nc2 bxc2 30. Kxc2 Nc4 31. Kc3 Ne3 32. Rg1 c4 33. b4 Rd3+ 34.
Kb2 Rb3+ 0-1

[Event "Mechanics' Winter TNM; G/2 d5"]
[Site "San Francisco"]
[Date "2018.02.13"]
[Round "6.30"]
[White "Robertson, Terrance"]
[Black "Newey, Richard"]
[Result "1/2-1/2"]
[WhiteElo "1483"]
[BlackElo "1729"]
[PlyCount "66"]
[EventDate "2018.??.??"]
[Source "ChessBase"]
[SourceDate "2007.09.04"]

1. e4 c5 2. Nf3 e6 3. d4 cxd4 4. Nxd4 a6 5. c4 Bb4+ 6. Nc3 Qc7 7. Be2 Nf6 8.
Qd3 d5 9. f3 Nc6 10. Nxc6 bxc6 11. exd5 cxd5 12. cxd5 Nxd5 13. Bd2 Bb7 14. Nxd5
Bxd2+ 15. Qxd2 Bxd5 16. O-O Qb6+ 17. Kh1 O-O 18. Bd3 a5 19. b3 h6 20. Rac1 Rac8
21. Rc2 Rxc2 22. Bxc2 Qb4 23. Qxb4 axb4 24. Rc1 g6 25. Bd3 Ra8 26. Bb1 Kg7 27.
Kg1 Kf6 28. Kf2 Ra6 29. Rc5 Rb6 30. Ke3 g5 31. g3 Rc6 32. Rxc6 Bxc6 33. Be4 Bb5
1/2-1/2

[Event "Mechanics' Summer TNM; G/2 d/5"]
[Site "San Francisco"]
[Date "2018.07.03"]
[Round "6.28"]
[White "Robertson, Terrance"]
[Black "Sherwood, Peter"]
[Result "1/2-1/2"]
[WhiteElo "1439"]
[BlackElo "1625"]
[Annotator "Sherwood"]
[PlyCount "72"]
[EventDate "2018.??.??"]
[Source "ChessBase"]
[SourceDate "2007.09.04"]

1. e4 e6 2. d4 d5 3. Nc3 Nf6 4. exd5 exd5 5. Bd3 Bd6 6. Bg5 c6 7. Nf3 Qe7+ 8.
Qe2 Qxe2+ 9. Nxe2 Nbd7 10. Bf5 O-O 11. O-O h6 12. Bf4 Bxf4 13. Nxf4 g6 14. Bd3
Ne4 15. Rfe1 Ndf6 16. Rad1 Bg4 17. h3 Bxf3 18. gxf3 Ng5 19. Re3 Rfe8 20. Kg2
Ne6 $2 21. Nxe6 Rxe6 22. Rxe6 fxe6 23. Bxg6 Kg7 24. Bd3 Rf8 25. Re1 Nh5 26. Re3
(26. Re5 Nf4+ 27. Kg3 Nxd3 28. cxd3 Rf6) 26... Kf6 27. h4 Rg8+ 28. Kh2 Nf4 29.
Bf1 Rg7 30. Re1 Rg6 (30... Ng6 31. Bh3 (31. h5 Nf4 32. Bh3 (32. Re5 Rg5 33.
Rxg5 Kxg5 $15) 32... Rg5 33. Bg4 $11) 31... Nxh4 32. Rxe6+ Kg5 33. Bg4 h5 34.
Re5+ Kf4 35. Rxh5 Nxf3+ 36. Bxf3 Kxf3 $11) 31. Re5 h5 32. Re1 Rg7 33. Re5 Rg6
34. Re1 Rg7 35. Re5 Rg6 36. Re1 Rg7 $11 1/2-1/2

[Event "Mechanics' Shipman TNM; G/2 d/5"]
[Site "San Francisco"]
[Date "2018.09.18"]
[Round "7.37"]
[White "Robertson, Terrance"]
[Black "Sikes, Stephen"]
[Result "1-0"]
[WhiteElo "1450"]
[BlackElo "1349"]
[PlyCount "103"]
[EventDate "2018.??.??"]
[Source "ChessBase"]
[SourceDate "2007.09.04"]

1. e4 c5 2. Nf3 d6 3. d4 cxd4 4. Nxd4 Nf6 5. Nc3 a6 6. Be3 Nc6 7. f3 e5 8. Nb3
Be6 9. Qd2 Qc7 10. Nd5 Bxd5 11. exd5 Ne7 12. c4 Nf5 13. Bf2 Be7 14. Rc1 e4 15.
g4 e3 16. Bxe3 Nxe3 17. Qxe3 O-O 18. Bd3 Nd7 19. O-O Ne5 20. Qe2 b6 21. f4 Nxd3
22. Qxd3 Qd7 23. h3 Bf6 24. Nd4 Rfe8 25. b3 Bxd4+ 26. Qxd4 Re2 27. Rf2 Rae8 28.
Qxb6 Qe7 29. Rxe2 Qxe2 30. Qf2 Qe4 31. Rd1 g6 32. Kh2 a5 33. Kg3 h6 34. h4 f6
35. Qd2 Kg7 36. Qd3 Qe7 37. Kf2 Qa7+ 38. Qd4 Qe7 39. Qd2 Qe4 40. Re1 Qxe1+ 41.
Qxe1 Rxe1 42. Kxe1 g5 43. hxg5 hxg5 44. f5 Kf7 45. Kd2 Ke7 46. Kc3 Kd7 47. b4
axb4+ 48. Kxb4 Kc7 49. c5 dxc5+ 50. Kxc5 Kd7 51. a4 Kc7 52. a5 1-0

[Event "Mechanics' Winter TNM; G/2 d5"]
[Site "San Francisco"]
[Date "2018.01.16"]
[Round "2.42"]
[White "Robertson, Terrance"]
[Black "Yu, Prescott"]
[Result "0-1"]
[WhiteElo "1483"]
[BlackElo "1141"]
[PlyCount "112"]
[EventDate "2018.??.??"]
[Source "ChessBase"]
[SourceDate "2007.09.04"]

1. e4 c6 2. d4 d5 3. exd5 cxd5 4. c4 Nf6 5. Nf3 Nc6 6. cxd5 Nxd5 7. Qb3 Nb6 8.
Bb5 f6 9. O-O Bf5 10. Nc3 a6 11. Bxc6+ bxc6 12. Bf4 Nd5 13. Nxd5 cxd5 14. Qb7
e6 15. Rac1 Be7 16. Bc7 Qc8 17. Qxc8+ Rxc8 18. Rc3 Kd7 19. Ba5 Rxc3 20. Bxc3
Bd3 21. Rc1 Rc8 22. a3 g5 23. g4 Bd6 24. h3 h5 25. Kg2 hxg4 26. hxg4 Be4 27.
Rh1 f5 28. Rh7+ Kc6 29. gxf5 exf5 30. Rh6 g4 31. Bb4 Rd8 32. Bxd6 Rxd6 33.
Rxd6+ Kxd6 34. Kg3 Bxf3 35. Kf4 Be4 36. b4 Kc6 37. a4 Bc2 38. Ke5 Be4 39. Kf4
Kd6 40. Kg5 Ke6 41. Kf4 Bc2 42. a5 Bd3 43. f3 Be2 44. fxg4 fxg4 45. Ke3 Bc4 46.
Kf4 Kd6 47. Kxg4 Kc6 48. Kf4 Kb5 49. Ke3 Kxb4 50. Kd2 Kxa5 51. Kc3 Ka4 52. Kb2
Kb4 53. Kc2 a5 54. Kb2 a4 55. Kc2 a3 56. Kb1 Kc3 0-1

[Event "Mechanics' Winter TNM; G/2 d5"]
[Site "San Francisco"]
[Date "2018.02.20"]
[Round "7.35"]
[White "Ross, Jeffrey"]
[Black "Chea, Na"]
[Result "1-0"]
[WhiteElo "1846"]
[BlackElo "1667"]
[Annotator "Donaldson"]
[PlyCount "51"]
[EventDate "2018.??.??"]
[Source "ChessBase"]
[SourceDate "2007.09.04"]

1. e4 c5 2. Nf3 d6 3. d4 cxd4 4. Nxd4 Nf6 5. Nc3 g6 6. Be3 Bg7 7. Qd2 a6 8. Be2
Nc6 9. Nxc6 bxc6 10. Bh6 O-O 11. Bxg7 Kxg7 12. h4 Rb8 13. h5 Rxb2 14. hxg6 fxg6
15. Bc4 Rb8 16. O-O-O Bd7 $2 (16... h5) 17. Qh6+ Kh8 18. Qxg6 Qa5 $2 {
Diagram [#]} (18... Be8) 19. Rxh7+ $1 Nxh7 20. Rh1 Qa3+ 21. Kd1 Rb1+ 22. Nxb1
Bg4+ 23. Be2 Bxe2+ 24. Kxe2 Rxf2+ 25. Kxf2 Qc5+ 26. Kf3 1-0

[Event "Mechanics' Winter TNM; G/2 d5"]
[Site "San Francisco"]
[Date "2018.02.13"]
[Round "6.31"]
[White "Ross, Max"]
[Black "Chan, John"]
[Result "1-0"]
[WhiteElo "1452"]
[BlackElo "1655"]
[PlyCount "105"]
[EventDate "2018.??.??"]
[Source "ChessBase"]
[SourceDate "2007.09.04"]

1. d4 Nf6 2. e3 d5 3. Bd3 c6 4. Nf3 h6 5. O-O Bg4 6. Nbd2 Nbd7 7. h3 Bxf3 8.
Nxf3 Qc7 9. c3 e6 10. Re1 g5 11. e4 dxe4 12. Bxe4 O-O-O 13. c4 Bb4 14. Re2 g4
15. hxg4 Nxg4 16. Qa4 a5 17. g3 Nb6 18. Qb3 c5 19. Bf4 Qe7 20. d5 Qf6 21. Qc2
a4 22. d6 Rd7 23. Ne5 Nxe5 24. Bxe5 Qxe5 25. Bxb7+ Kxb7 26. Rxe5 Rxd6 27. Rd1
Rhd8 28. Rxd6 Rxd6 29. a3 Bd2 30. Rxc5 Bg5 31. Rb5 Ka6 32. Rxg5 hxg5 33. c5 Rc6
34. Qd3+ Ka5 35. cxb6 Rxb6 36. Qd2+ Ka6 37. Kg2 f5 38. f3 g4 39. Qe2+ Ka7 40.
fxg4 fxg4 41. Qxg4 Rxb2+ 42. Kh3 Rb6 43. Qxa4+ Kb7 44. g4 Kb8 45. g5 Kc7 46. g6
e5 47. g7 Rh6+ 48. Kg4 Rg6+ 49. Kf5 Rg2 50. Kxe5 Kb6 51. Qf4 Kc5 52. Qf8+ Kc6
53. Qf3+ 1-0

[Event "Mechanics' Shipman TNM; G/2 d/5"]
[Site "San Francisco"]
[Date "2018.08.14"]
[Round "2.32"]
[White "Ross, Max"]
[Black "Cowgill, Jackie"]
[Result "1-0"]
[WhiteElo "1590"]
[BlackElo "1104"]
[PlyCount "73"]
[EventDate "2018.??.??"]
[Source "ChessBase"]
[SourceDate "2007.09.04"]

1. d4 d5 2. c4 Nc6 3. cxd5 Qxd5 4. e3 e5 5. Nc3 Bb4 6. Bd2 Bxc3 7. Bxc3 Nf6 $6
(7... exd4 8. Ne2 {is the main line with one variation going} Nf6 9. Nxd4 O-O
10. Nb5 Qg5 11. h4 Qh6 12. Nxc7 Bg4 13. Qb3 Rad8 14. Qxb7 {and now} Rd6 {or} (
14... Ne4)) 8. dxe5 $1 Nxe5 $2 (8... Qxd1+ 9. Rxd1 Ne4 10. Bd4 $16) 9. Qxd5
Nxd5 10. Bxe5 O-O 11. Bc4 Nb4 12. O-O-O c6 13. Bd6 Nxa2+ 14. Bxa2 Re8 15. Nf3
Be6 16. Bxe6 fxe6 17. Ne5 a5 18. f4 a4 19. g4 Ra5 20. Nc4 Rd5 21. Nb6 Ra5 22.
Rd4 a3 23. Bxa3 c5 24. Ra4 Rb5 25. Ra8 Rxa8 26. Nxa8 c4 27. Nc7 Rb3 28. Nxe6
Rxe3 29. f5 h6 30. Rd1 Kf7 31. Rd7+ Kf6 32. Be7+ Ke5 33. Bd6+ Kf6 34. Nxg7 Re1+
35. Kd2 Rb1 36. h4 Rxb2+ 37. Kc1 1-0

[Event "Mechanics' Winter TNM; G/2 d5"]
[Site "San Francisco"]
[Date "2018.02.27"]
[Round "8.17"]
[White "Ross, Max"]
[Black "McKellar, Daniel"]
[Result "0-1"]
[WhiteElo "1452"]
[BlackElo "1829"]
[PlyCount "74"]
[EventDate "2018.??.??"]
[Source "ChessBase"]
[SourceDate "2007.09.04"]

1. d4 d5 2. e3 Nf6 3. Bd3 Bg4 4. Nf3 e6 5. Nbd2 c5 6. c3 Nc6 7. h3 Bh5 8. O-O
Bd6 9. Re1 O-O 10. dxc5 Bxc5 11. Qc2 e5 12. Be2 Bg6 13. Qb3 Qc7 14. Nh4 Rad8
15. Nxg6 hxg6 16. Nf3 a6 17. Qc2 b5 18. b4 Bb6 19. Bb2 Nxb4 20. Qb3 Nc6 21.
Rad1 Na5 22. Qc2 Nc4 23. Bxc4 dxc4 24. h4 Rd3 25. Re2 Rfd8 26. Rde1 Ne4 27. Kh1
Ba5 28. Ng5 Nxc3 29. Bxc3 Bxc3 30. Rc1 Bb4 31. g3 Be7 32. Ne4 Qc6 33. f3 f5 34.
Nd2 Bb4 35. Rd1 Bxd2 36. Rdxd2 Qxf3+ 37. Kh2 Qd5 0-1

[Event "Mechanics' Shipman TNM; G/2 d/5"]
[Site "San Francisco"]
[Date "2018.09.11"]
[Round "6.36"]
[White "Ross, Max"]
[Black "Olson, David R"]
[Result "1-0"]
[WhiteElo "1590"]
[BlackElo "1416"]
[PlyCount "53"]
[EventDate "2018.??.??"]
[Source "ChessBase"]
[SourceDate "2007.09.04"]

1. d4 Nf6 2. c4 d5 3. e3 (3. cxd5) 3... Bf5 4. Nc3 e6 5. Nf3 h6 6. cxd5 exd5 7.
Ne5 Bb4 8. a3 Bxc3+ 9. bxc3 O-O 10. Bd3 Bh7 11. Qb3 b6 12. O-O c5 13. Bxh7+
Nxh7 14. dxc5 bxc5 15. Qb7 Qf6 16. Qxa8 Qxe5 17. Bb2 Nf6 18. h3 Ne4 19. Rad1 f5
20. Qxd5+ Qxd5 21. Rxd5 Nc6 22. Rfd1 Rf6 23. c4 Rg6 24. Rxf5 Ne7 25. Re5 Ng5
26. Rxe7 Nxh3+ 27. Kf1 1-0

[Event "Mechanics' Shipman TNM; G/2 d/5"]
[Site "San Francisco"]
[Date "2018.09.25"]
[Round "8.28"]
[White "Ross, Max"]
[Black "Robertson, Terrance"]
[Result "1/2-1/2"]
[WhiteElo "1590"]
[BlackElo "1450"]
[PlyCount "108"]
[EventDate "2018.??.??"]
[Source "ChessBase"]
[SourceDate "2007.09.04"]

1. d4 Nf6 2. c4 e6 3. Nc3 Bb4 4. Bg5 Nc6 5. Nf3 h6 6. Bh4 Qe7 7. e3 d5 8. a3
Bxc3+ 9. bxc3 g5 10. Bg3 Ne4 11. Qc2 Nxg3 12. hxg3 b6 13. cxd5 exd5 14. Bb5 Bd7
15. Qa4 Na5 16. O-O c6 17. Bd3 c5 18. Bb5 a6 19. Bxd7+ Qxd7 20. Qxd7+ Kxd7 21.
Ne5+ Ke6 22. f4 f5 23. Rab1 Rab8 24. Rf2 c4 25. a4 Nb3 26. g4 Rhf8 27. gxf5+
Rxf5 28. g4 Rf6 29. f5+ Kd6 30. Rh2 Re8 31. Kf2 Rxe5 32. dxe5+ Kxe5 33. Kf3 Nc5
34. Ra2 Ne4 35. Rc1 Nc5 36. Ke2 Ke4 37. Rh1 Nb3 38. Rb2 Nc5 39. Ra2 Nb3 40. Re1
Nc5 41. Kd2 Nb3+ 42. Kc2 Nc5 43. Kb1 Nd3 44. Rh1 Kxe3 45. Rh3+ Kf4 46. Rah2
Kxg4 47. Rxh6 Rxh6 48. Rxh6 Kxf5 49. Rxb6 g4 50. Rb8 g3 51. Rg8 Kf4 52. Rg6 Kf3
53. Rxg3+ Kxg3 54. Kc2 a5 {(Remaining moves unavailable) How was this a draw?}
1/2-1/2

[Event "Mechanics' Winter TNM; G/2 d5"]
[Site "San Francisco"]
[Date "2018.01.16"]
[Round "2.27"]
[White "Ross, Max"]
[Black "Stolpe, Samuel"]
[Result "0-1"]
[WhiteElo "1452"]
[BlackElo "1730"]
[PlyCount "80"]
[EventDate "2018.??.??"]
[Source "ChessBase"]
[SourceDate "2007.09.04"]

1. d4 d5 2. e3 Nf6 3. Bd3 e6 4. Nf3 c5 5. b3 Nc6 6. c3 Bd6 7. Nbd2 O-O 8. O-O
Bd7 9. Qc2 Rc8 10. Ba3 Qe7 11. c4 dxc4 12. Nxc4 Nb4 13. Bxb4 cxb4 14. Qd2 Bc6
15. Nxd6 Qxd6 16. Qe2 Bxf3 17. Qxf3 Rc7 18. Rac1 Rfc8 19. Rxc7 Rxc7 20. Rd1 Nd5
21. Bc4 Nc3 22. Rc1 b5 23. Qa8+ Qf8 24. Qxf8+ Kxf8 25. Bxb5 Nxb5 26. Rxc7 Nxc7
27. f4 Nd5 28. Kf2 Ke7 29. g4 Nc3 30. Kf3 Nxa2 31. f5 Nc1 32. e4 Nxb3 33. Ke3
a5 34. Kd3 Nxd4 35. Kxd4 b3 36. Kc3 a4 37. Kb2 exf5 38. exf5 h5 39. h3 hxg4 40.
hxg4 Kf6 0-1

[Event "Mechanics' Winter TNM; G/2 d5"]
[Site "San Francisco"]
[Date "2018.01.30"]
[Round "4.26"]
[White "Ross, Max"]
[Black "Yanofsky, Kevin"]
[Result "0-1"]
[WhiteElo "1452"]
[BlackElo "1855"]
[PlyCount "44"]
[EventDate "2018.??.??"]
[Source "ChessBase"]
[SourceDate "2007.09.04"]

1. d4 Nf6 2. e3 d5 3. Bd3 c5 4. b3 cxd4 5. exd4 Nc6 6. Nf3 Bg4 7. Nbd2 Nxd4 8.
h3 Bh5 9. g4 Nxf3+ 10. Nxf3 Bg6 11. Bb5+ Nd7 12. Ne5 $4 (12. Qxd5) 12... Qa5+
13. Bd2 Qxb5 14. a4 Qa6 15. Nxd7 Kxd7 16. f4 Be4 17. Rg1 e6 18. b4 Qc4 19. Rc1
Be7 20. g5 h6 21. Rg3 hxg5 22. Rc3 Qd4 0-1

[Event "Mechanics' Winter TNM; G/2 d5"]
[Site "San Francisco"]
[Date "2018.02.27"]
[Round "8.51"]
[White "Rushton, Peter"]
[Black "Cendejas, Jon"]
[Result "1-0"]
[WhiteElo "1142"]
[BlackElo "422"]
[PlyCount "37"]
[EventDate "2018.??.??"]
[Source "ChessBase"]
[SourceDate "2007.09.04"]

1. e4 e5 2. Nf3 Nc6 3. Nc3 Nf6 4. Bc4 h6 5. d3 Bc5 6. O-O Qe7 7. Nb5 d6 8. a3
a6 9. Nc3 Bg4 10. h3 Bxf3 11. Qxf3 Nd4 12. Qd1 b5 13. Ba2 O-O 14. b4 Bb6 15.
Be3 Rac8 16. Ne2 d5 17. c3 Ne6 18. Ng3 Qd7 19. Nf5 $11 {
White went on to win. Remaining moves unavailable.} 1-0

[Event "Mechanics' Summer TNM; G/2 d/5"]
[Site "San Francisco"]
[Date "2018.06.19"]
[Round "4.29"]
[White "Rushton, Peter"]
[Black "Cendejas, Juan Rodolfo"]
[Result "0-1"]
[WhiteElo "1130"]
[BlackElo "1707"]
[PlyCount "58"]
[EventDate "2018.??.??"]
[Source "ChessBase"]
[SourceDate "2007.09.04"]

1. e4 e5 2. Nf3 Nc6 3. Nc3 Bc5 4. Bc4 Nf6 5. d3 h6 6. a3 O-O 7. O-O d6 8. h3
Be6 9. Bd2 Qd7 10. Nd5 Nh7 11. Kh2 Ne7 12. b4 Bb6 13. a4 Bxd5 14. exd5 c6 15.
a5 Bc7 16. dxc6 bxc6 17. Bb3 d5 18. Kg1 f5 19. c4 Kh8 20. Bc3 d4 21. Bb2 Qd6
22. c5 Qg6 23. Nh4 Qf6 24. g3 Ng5 25. Kg2 f4 26. g4 f3+ 27. Kh1 e4 28. dxe4 Qf4
29. Nxf3 Nxf3 0-1

[Event "Mechanics' Shipman TNM; G/2 d/5"]
[Site "San Francisco"]
[Date "2018.09.18"]
[Round "7.39"]
[White "Rushton, Peter"]
[Black "Cole, Tony"]
[Result "1-0"]
[WhiteElo "1202"]
[BlackElo "1400"]
[PlyCount "47"]
[EventDate "2018.??.??"]
[Source "ChessBase"]
[SourceDate "2007.09.04"]

1. e4 e6 2. Nc3 Nc6 3. d4 d5 4. e5 Nge7 5. Bg5 h6 6. Bh4 g5 7. Bg3 Nf5 8. Nge2
Bg7 9. Qd2 f6 10. exf6 Bxf6 11. Nb5 e5 12. O-O-O Be6 13. Re1 a6 14. dxe5 Bxe5
15. Bxe5 Nxe5 16. Ned4 axb5 17. Nxe6 Qd6 18. f4 gxf4 19. Qxf4 Rxa2 20. Rxe5
Ra1+ 21. Kd2 Ne7 22. Bxb5+ c6 23. Rxa1 Qb8 24. Ra8 1-0

[Event "Mechanics' Winter TNM; G/2 d5"]
[Site "San Francisco"]
[Date "2018.02.06"]
[Round "5.53"]
[White "Rushton, Peter"]
[Black "Eastham, Asher"]
[Result "0-1"]
[WhiteElo "1142"]
[BlackElo "1652"]
[Annotator "Donaldson"]
[PlyCount "50"]
[EventDate "2018.??.??"]
[Source "ChessBase"]
[SourceDate "2007.09.04"]

1. e4 e5 2. Nf3 Nc6 3. Nc3 Nf6 4. Bc4 Bc5 5. d3 O-O 6. Bg5 h6 7. Bh4 d6 8. Nd5
g5 9. Bg3 (9. Nxg5 {is the thematic try but only leads to equality.} Nxd5 (9...
hxg5 10. Bxg5 Bxf2+ 11. Kxf2 Nxe4+ 12. dxe4 Qxg5 13. Rf1 $16) 10. Qh5 Qf6 11.
Bxd5 hxg5 12. Bxg5 Qxf2+ 13. Kd1 Be6 (13... Bd7 $4 14. Qg6+) (13... Ne7 14.
Bxe7 Qxg2 15. Qg5+ $11) 14. Bxe6 fxe6 15. Qg6+ $11) 9... Bg4 10. Qd2 Bxf3 11.
gxf3 Nd4 12. O-O-O c6 13. Ne3 b5 14. Bb3 a5 15. a3 Qb6 16. Kb1 a4 17. Ba2 b4
18. b3 $2 (18. Nc4) 18... Rfb8 19. c3 Nxb3 20. Qc2 bxc3 21. Bxb3 Qxb3+ 22. Ka1
Bxe3 23. Qxb3 axb3 24. fxe3 Rxa3+ 25. Kb1 c2+ 0-1

[Event "Mechanics' Summer TNM; G/2 d/5"]
[Site "San Francisco"]
[Date "2018.06.12"]
[Round "3.15"]
[White "Rushton, Peter"]
[Black "Krasnov, Steven"]
[Result "0-1"]
[WhiteElo "1130"]
[BlackElo "1855"]
[PlyCount "46"]
[EventDate "2018.??.??"]
[Source "ChessBase"]
[SourceDate "2007.09.04"]

1. e4 c5 2. Nc3 d6 3. Nf3 Nc6 4. Bc4 e6 5. d3 Be7 6. O-O a6 7. a3 b5 8. Nxb5 $4
axb5 9. Bxb5 Bd7 10. c4 Nf6 11. Be3 O-O 12. b3 Qc7 13. Bg5 h6 14. Bh4 Rfd8 15.
Bg3 e5 16. a4 Bg4 17. h3 Bh5 18. Qd2 Bxf3 19. gxf3 Nd4 20. Qd1 Qc8 21. Kg2 Nh7
22. a5 Ng5 23. a6 Qxh3+ 0-1

[Event "Mechanics' Shipman TNM; G/2 d/5"]
[Site "San Francisco"]
[Date "2018.08.21"]
[Round "3.37"]
[White "Rushton, Peter"]
[Black "McEnroe, Glenn"]
[Result "0-1"]
[WhiteElo "1202"]
[BlackElo "1500"]
[PlyCount "84"]
[EventDate "2018.??.??"]
[Source "ChessBase"]
[SourceDate "2007.09.04"]

1. e4 e6 2. d4 d5 3. e5 c5 4. Be3 cxd4 5. Bxd4 Nc6 6. Bb5 Bd7 7. Nc3 a6 8. Bxc6
bxc6 9. Na4 Qa5+ 10. Nc3 c5 11. Nf3 cxd4 12. Nxd4 Bb4 13. O-O Ne7 14. Nce2 Nc6
15. c3 Be7 16. b4 Qc7 17. f4 O-O 18. b5 Nxd4 19. Nxd4 axb5 20. Qd3 Qc4 21. Qf3
Rfc8 22. Rfc1 Rxa2 23. Rab1 Bc5 24. Kh1 Ra3 25. Ne2 Rca8 26. h4 R8a4 27. Qf1
Be3 28. Rc2 Ra2 29. Rbb2 Ra1 30. Rb1 Rxb1 31. Qxb1 g6 32. g3 Bc6 33. Nd4 Be8
34. Kh2 Kg7 35. Qd1 Ra2 36. Qe1 Bxd4 37. Rxa2 Qxa2+ 38. Kh3 Qa5 39. Qd1 Qxc3
40. h5 Bf2 41. Kh2 Qxg3+ 42. Kh1 Qh3# 0-1

[Event "Mechanics' Winter TNM; G/2 d5"]
[Site "San Francisco"]
[Date "2018.01.16"]
[Round "2.30"]
[White "Rushton, Peter"]
[Black "Melville, Cailen"]
[Result "0-1"]
[WhiteElo "1142"]
[BlackElo "1889"]
[PlyCount "86"]
[EventDate "2018.??.??"]
[Source "ChessBase"]
[SourceDate "2007.09.04"]

1. e4 e6 2. Nc3 d5 3. e5 c5 4. Nf3 Nc6 5. d4 cxd4 6. Nxd4 Nxe5 7. Bb5+ Bd7 8.
Bf4 Ng6 9. Bg3 a6 10. Be2 Nf6 11. O-O Bb4 12. a3 Bxc3 13. bxc3 Ne4 14. Qd3 Rc8
15. c4 Rxc4 16. Rab1 Qc8 17. Nf3 Rxc2 18. Rxb7 Rc3 19. Qb1 Nxg3 20. hxg3 O-O
21. Bxa6 Rxa3 22. Be2 Bc6 23. Rb3 Rxb3 24. Qxb3 Qb7 25. Qd3 Rb8 26. Ng5 Qe7 27.
f4 Bb5 28. Qb1 Qa7+ 29. Rf2 Bxe2 30. Qc2 Qa1+ 31. Kh2 Rb1 32. Qc8+ Nf8 33. g4
Rh1+ 34. Kg3 Qa3+ 35. Nf3 Bxf3 36. Rxf3 Qe7 37. g5 h6 38. Kf2 hxg5 39. Rh3 Qa7+
40. Kg3 Qe3+ 41. Kg4 Qxf4+ 42. Kh5 Rxh3+ 43. gxh3 Qh4# 0-1

[Event "Mechanics' Winter TNM; G/2 d5"]
[Site "San Francisco"]
[Date "2018.01.30"]
[Round "4.52"]
[White "Rushton, Peter"]
[Black "Temple, Justin"]
[Result "0-1"]
[WhiteElo "1142"]
[BlackElo "1167"]
[PlyCount "96"]
[EventDate "2018.??.??"]
[Source "ChessBase"]
[SourceDate "2007.09.04"]

1. e4 f5 2. exf5 Nf6 3. d4 d5 4. Bd3 Nc6 5. Nf3 Qd6 6. Nc3 a6 7. Be3 Bd7 8. Qd2
e5 9. fxe6 Bxe6 10. Bf4 Qb4 11. O-O O-O-O 12. Ng5 Nxd4 13. Nxe6 Nxe6 14. Bf5
Re8 15. a3 Qb6 16. Nxd5 Nxd5 17. Qxd5 Kb8 18. Be3 Bc5 19. Rae1 Bxe3 20. Rxe3
Nf4 21. Qf3 Rxe3 22. fxe3 g5 23. Kh1 Ng6 24. Qg3 Qxb2 25. a4 Rf8 26. Qf2 Ne5
27. Qe2 Qc3 28. Kg1 Nc4 29. Bd3 Rxf1+ 30. Kxf1 Qf6+ 31. Kg1 Qa1+ 32. Kf2 Qf6+
33. Kg1 Qa1+ 34. Kf2 Ne5 35. Bxh7 Qxa4 36. e4 Qd4+ 37. Kg3 Qc3+ 38. Kf2 Qc5+
39. Kf1 Nc4 40. c3 Ne3+ 41. Ke1 Qxc3+ 42. Kf2 Nc4 43. h3 Qd4+ 44. Kf3 Nd2+ 45.
Kg3 Qe5+ 46. Kf2 Qc5+ 47. Kg3 Qd4 48. e5 Qf4# 0-1

[Event "Mechanics' Winter TNM; G/2 d5"]
[Site "San Francisco"]
[Date "2018.02.27"]
[Round "8.42"]
[White "Sanchez, William"]
[Black "Baer, Michael Alan"]
[Result "0-1"]
[WhiteElo "1433"]
[BlackElo "1385"]
[PlyCount "100"]
[EventDate "2018.??.??"]
[Source "ChessBase"]
[SourceDate "2007.09.04"]

1. c4 Nf6 2. Nc3 g6 3. Nf3 Bg7 4. d4 d6 5. g3 O-O 6. Bg2 Nc6 7. a3 Nd7 8. e4 e5
9. d5 Ne7 10. h4 f5 11. Bg5 h6 12. Bxe7 Qxe7 13. Qc2 Rf7 14. O-O-O Nf8 15. Rhe1
b6 16. Nd2 Kh7 17. f4 a6 18. Nf3 Qd8 19. h5 exf4 20. hxg6+ Nxg6 21. Rh1 Ne5 22.
gxf4 Nxf3 23. Bxf3 Qf6 24. Rdg1 Bd7 25. Rh5 Raf8 26. exf5 Qd4 27. f6+ Kg8 28.
Qg6 Qxf4+ 29. Kb1 Qxf6 30. Rxh6 Bf5+ 31. Qxf5 Qxf5+ 32. Be4 Qf4 33. Bh7+ Kh8
34. Rh3 Rf6 35. Rgh1 Qf1+ 36. Rxf1 Rxf1+ 37. Ka2 R1f3 38. Rh4 Bxc3 39. Be4+ Kg7
40. Rh7+ Kg8 41. Bxf3 Kxh7 42. Be4+ Kg7 43. bxc3 Rf4 44. Bc2 Rxc4 45. Kb3 Rc5
46. Be4 Kf6 47. c4 Ke5 48. Bg6 c6 49. Bf7 cxd5 50. cxd5 Rxd5 0-1

[Event "Mechanics' Winter TNM; G/2 d5"]
[Site "San Francisco"]
[Date "2018.02.20"]
[Round "7.42"]
[White "Sandoval, Robert"]
[Black "Amassu, Yonathan"]
[Result "0-1"]
[WhiteElo "1392"]
[BlackElo "1403"]
[PlyCount "84"]
[EventDate "2018.??.??"]
[Source "ChessBase"]
[SourceDate "2007.09.04"]

1. c4 Nf6 2. Nc3 e6 3. g3 d5 4. Bg2 c6 5. e3 Be7 6. Nge2 Nbd7 7. d4 O-O 8. O-O
Re8 9. Rb1 dxc4 10. b3 cxb3 11. Rxb3 Nb6 12. e4 c5 13. d5 exd5 14. exd5 c4 15.
Rb1 Bc5 16. Nf4 Bg4 17. Qd2 Qd7 18. a4 Nc8 19. Qa2 Bf5 20. Rb5 Qc7 21. Ba3 Bb6
22. Rd1 Nd6 23. Bxd6 Qxd6 24. Qxc4 Rac8 25. Qb3 Ng4 26. Rd2 Re1+ 27. Bf1 g5 28.
Ng2 Rxf1+ 29. Kxf1 Nxh2+ 30. Ke2 Bg4+ 31. Kd3 Qg6+ 32. Ne4 Bf3 33. Rb4 Re8 34.
Kc3 Rxe4 35. Rxb6 axb6 36. Ne3 Qf6+ 37. Kc2 Ng4 38. d6 Nxe3+ 39. fxe3 Re5 40.
Qxb6 Be4+ 41. Kc1 {Diagram [#]} Rc5+ $1 42. Qxc5 Qa1# 0-1